| 000 | 01234 a2200229 4500 | ||
|---|---|---|---|
| 001 | 46010 | ||
| 005 | 20260407155733.0 | ||
| 008 | 260407a1976 arg spa d | ||
| 003 | AR-UNSa-BCEJYS | ||
| 040 |
_aAR-UNSa-BCEJYS _bspa _cAR-UNSa-BCEJYS |
||
| 080 |
_a001.891 _xInvestigación científica. Métodos de investigación |
||
| 245 | 1 | 0 |
_aLa investigación científica _psu estrategia y su filosofía |
| 250 | _a5a. ed. | ||
| 264 | 1 |
_aBarcelona : _bEdiciones Ariel _c1976 |
|
| 300 |
_a955 p. _c22 cm. |
||
| 505 | _aParte I: Planteamiento e instrumentos: 1. El planteamiento científico – 2. Concepto – 3. Dilucidación - - Parte II: Las ideas científicas: 4. Problema – 5. Hipótesis – 6. Ley – 7. Teoría: estática – 8. Teoría: dinámica - - Parte III: La aplicación de las ideas científicas: de la explicación a la acción: 9. Explicación – 10. Predicción – 11. Acción - - Parte IV : La contrastación de las ideas científicas : de la observación a la inferencia : 12. Observación – 13. Medición – 14. Experimento – 15. La inferencia científica. | ||
| 041 | _aspa | ||
| 942 | _cBK | ||
| 590 | _aniveau_biblio:m niveau_hierar:0 | ||
| 100 | 1 | _aBunge, Mario | |
| 700 | 1 | _aSacristán, Manuel | |
| 999 |
_c4112 _d4112 |
||